00309pab a2200121 454500008004000000100001700040245005800057260000900115300001100124362001100135650002100146773002000167180718b2008 xxu||||| |||| 00| 0 eng d aSingaram, I. aHigher education and political awareness: an overview c2008 ap.6-9. a14 Apr aHigher education aUniversity News